Estudios sobre desarrollo económico : (Record no. 34795)

MARC details
000 -LEADER
campo de control de longitud fija 00922nam a2200241 i 4500
001 - NÚMERO DE CONTROL
campo de control 34795
003 - IDENTIFICADOR DE NÚMERO DE CONTROL
campo de control ES-MaACL
005 - FECHA Y HORA DE LA ÚLTIMA TRANSACCIÓN
campo de control 20250815082416.0
007 - CAMPO FIJO DE DESCRIPCIÓN FÍSICA--INFORMACIÓN GENERAL
campo de control de longitud fija t|
008 - DATOS DE LONGITUD FIJA--INFORMACIÓN GENERAL
campo de control de longitud fija 030211s1964 sp ||||1| spa d
100 1# - ENTRADA PRINCIPAL--NOMBRE DE PERSONA
Nombre de persona Bonne, Alfred.
9 (RLIN) 30234
245 10 - MENCIÓN DEL TÍTULO
Título Estudios sobre desarrollo económico :
Resto del título con especial referencia a las zonas subdesarrolladas de Asia Occidental e India /
Mención de responsabilidad, etc. Alfred Bonne ; traducción del inglés por Iluminada García Díaz.
260 ## - PUBLICACIÓN, DISTRIBUCIÓN, ETC.
Lugar de publicación, distribución, etc. [Madrid] :
Nombre del editor, distribuidor, etc. Aguilar,
Fecha de publicación, distribución, etc. 1964.
300 ## - DESCRIPCIÓN FÍSICA
Extensión XIX, 350 p. ;
Dimensiones 22 cm.
490 1# - MENCIÓN DE SERIE
Mención de serie Biblioteca de ciencias sociales. Economía
650 #4 - PUNTO DE ACCESO ADICIONAL DE MATERIA--TÉRMINO DE MATERIA
Término de materia o nombre geográfico como elemento de entrada Desarrollo económico.
9 (RLIN) 153584
650 #4 - PUNTO DE ACCESO ADICIONAL DE MATERIA--TÉRMINO DE MATERIA
Término de materia o nombre geográfico como elemento de entrada Desarrollo económico-
Subdivisión geográfica Asia.
9 (RLIN) 11793
700 1# - ENTRADA AGREGADA--NOMBRE PERSONAL
Nombre de persona García Díaz, Iluminada.
9 (RLIN) 54533
830 10 - PUNTO DE ACCESO ADICIONAL DE SERIE-TÍTULO UNIFORME
Título uniforme Biblioteca de ciencias sociales (Aguilar).
Nombre de parte o sección de la obra Economía
9 (RLIN) 181705
852 ## - LOCALIZACIÓN
Ubicación ES-MaACL
Número de control de estantería C-26745
852 ## - LOCALIZACIÓN
Ubicación ES-MaACL
Número de control de estantería C-27631
Holdings
Estatus retirado Estado de pérdida Estado de daño No para préstamo Biblioteca de origen Biblioteca actual Ubicación en estantería Fecha de adquisición Fuente de adquisición Total de préstamos Signatura topográfica completa Código de barras Visto por última vez Precio de reemplazo Tipo de ítem Koha
        Biblioteca del Ateneo de Madrid Biblioteca del Ateneo de Madrid Depósito 2 17/01/2008     C-27631 1036317 23/02/2023 23/02/2023 Libro impreso
        Biblioteca del Ateneo de Madrid Biblioteca del Ateneo de Madrid Depósito 2 17/01/2008     C-26745 1036316 23/02/2023 23/02/2023 Libro impreso